000 00545nam a2200181Ia 4500
008 210719s2013 xx 000 0 und d
020 _a978-819-2-81631-9
041 _aeng
082 _a658.4 GOYL
100 _aGOYDER (Mark)
245 _aLiving tomorrows company: rediscovering the human purposes of business
260 _aThane
_c2013
300 _ax,183
_bPB
365 _b545.42
_cRs
650 _aExecutive Management
650 _aManagement
906 _abusiness ; company: ; human ; Living ; purposes ; rediscovering ; tomorrows
999 _c212049
_d212049